Twilight Prologue - Statistics

General Stats
  • This quiz has been taken 566 times
  • The average score is 53 of 145
Answer Stats
Answer % Correct
I
91%
to
75%
a
73%
die
73%
the
72%
The
72%
would
71%
never
69%
though
69%
in
67%
how
66%
thought
65%
much
63%
so
63%
given
56%
me
56%
of
55%
someone
52%
be
48%
good
45%
like
45%
place
44%
way
44%
for
43%
I'd
43%
but
36%
But
36%
have
36%
you
36%
loved
35%
an
33%
he
31%
had
30%
Forks
29%
When
28%
when
28%
as
26%
it
26%
was
26%
and
24%
if
22%
That
22%
that
22%
else
19%
life
19%
at
18%
death
18%
not
18%
few
17%
reason
17%
enough
16%
last
16%
end
15%
it's
15%
months
15%
this
15%
wouldn't
13%
comes
12%
dream
12%
gone
12%
imagined
12%
regret
12%
even
11%
knew
11%
myself
11%
now
11%
your
11%
decision
10%
eyes
10%
into
10%
long
10%
Nobel
10%
back
9%
bring
9%
couldn't
9%
facing
9%
hunter
9%
kill
9%
looked
9%
across
8%
room
8%
without
8%
smiled
7%
something
7%
stared
7%
any
6%
breathing
6%
count
6%
expectations
6%
grieve
6%
ought
6%
pleasantly
6%
reasonable
6%
sauntered
6%
Surely
6%
terrified
6%
beyond
4%
far
4%
forward
4%
friendly
4%
offers
4%
No matching quizzes found
Score Distribution
Percent of People with Each Score
Percentile by Number Answered
Your Score History
You have not taken this quiz